[Event "Edward Lasker Memorial 99th"]
[Site "New York"]
[Date "2015.12.13"]
[Round "5"]
[White "Nebolsina, Vera"]
[Black "Vasserman, Daniel"]
[Result "0-1"]
[WhiteElo "2208"]
[BlackElo "2108"]
[PlyCount "68"]
[EventDate "2015.12.11"]
[EventType "swiss"]
[EventRounds "9"]
[EventCountry "USA"]
[SourceTitle "CBM 170 Extra"]
[Source "ChessBase"]
[SourceDate "2016.02.25"]
[SourceVersion "1"]
[SourceVersionDate "2016.02.25"]
[SourceQuality "1"]

1. d4 Nf6 2. Nf3 d5 3. c4 e6 4. g3 Be7 5. Bg2 0-0 6. 0-0 b6 7. Nc3 Bb7 8. cxd5 Nxd5 9. Nxd5 exd5 10. Bf4 Bd6 11. Qd2 Nc6 12. Rac1 Re8 13. Ng5 Be7 14. e4 h6 15. Nxf7 Kxf7 16. exd5 Nb8 17. Qd3 Bd6 18. Be5 Nd7 19. f4 Nf6 20. Qb3 Kg8 21. Rfd1 Qe7 22. Bxf6 Qxf6 23. Bh3 Bc8 24. Bg2 a5 25. Qa4 Bg4 26. Re1 Rxe1+ 27. Rxe1 Rd8 28. Re8+ Rxe8 29. Qxe8+ Kh7 30. Qe3 Bf5 31. h3 Qe7 32. Qf3 Qe1+ 33. Kh2 Qd2 34. Qh5 Be4 0-1